|
|
|
|
| LEADER |
01723cas a2200301 a 4500 |
| 001 |
AALejournalIMF022912 |
| 008 |
230101c9999 xx r poo 0 0eng d |
| 020 |
|
|
|c 5.00 USD
|
| 020 |
|
|
|z 9798400210846
|
| 022 |
|
|
|a 2663-3493
|
| 040 |
|
|
|a BD-DhAAL
|c BD-DhAAL
|
| 110 |
2 |
|
|a International Monetary Fund.
|
| 245 |
1 |
0 |
|a Statement by the Managing Director on the Independent Evaluation Office Report on IMF Engagement with Small Developing States :
|b Executive Board Meeting May 6, 2022.
|
| 264 |
|
1 |
|a Washington, D.C. :
|b International Monetary Fund,
|c 2022.
|
| 300 |
|
|
|a 1 online resource (10 pages)
|
| 490 |
1 |
|
|a Policy Papers
|
| 500 |
|
|
|a <strong>Off-Campus Access:</strong> No User ID or Password Required
|
| 500 |
|
|
|a <strong>On-Campus Access:</strong> No User ID or Password Required
|
| 506 |
|
|
|a Electronic access restricted to authorized BRAC University faculty, staff and students
|
| 520 |
3 |
|
|a The report and its recommendations should also be careful to not impinge upon areas that are still unfolding, such as the RST, crisis response, and CD provision, to avoid unnecessary duplication of efforts and ensure that a coherent and evenhanded framework is in place. I offer qualified and/or partial support to the recommendations, as discussed below, to serve better our SDS members.
|
| 538 |
|
|
|a Mode of access: Internet
|
| 650 |
|
7 |
|a Climate
|2 imf
|
| 650 |
|
7 |
|a Global Warming
|2 imf
|
| 650 |
|
7 |
|a Monetary Policy
|2 imf
|
| 650 |
|
7 |
|a Natural Disasters and Their Management
|2 imf
|
| 650 |
|
7 |
|a Political Economy
|2 imf
|
| 830 |
|
0 |
|a Policy Papers; Policy Paper ;
|v No. 2022/022
|
| 856 |
4 |
0 |
|z Full text available on IMF
|u https://elibrary.imf.org/openurl?genre=journal&issn=2663-3493&volume=2022&issue=022
|z IMF e-Library
|